HIGH COURT CRIMINAL SESSION No.95 of 1975 Uganda Vs A1. Zeveriyo Luvoto A2.Moses Ngobi A3.Ntoro Wanzala A4. Muleke Lugendo (Record no. 7899)
[ view plain ]
| 000 -LEADER | |
|---|---|
| fixed length control field | 00363nam a22000977a 4500 |
| 008 - FIXED-LENGTH DATA ELEMENTS--GENERAL INFORMATION | |
| fixed length control field | 150720b xxu||||| |||| 00| 0 eng d |
| 010 ## - LIBRARY OF CONGRESS CONTROL NUMBER | |
| Field link and sequence number | HCCRSARF: 032 |
| 245 ## - TITLE STATEMENT | |
| Title | HIGH COURT CRIMINAL SESSION No.95 of 1975 Uganda Vs A1. Zeveriyo Luvoto A2.Moses Ngobi A3.Ntoro Wanzala A4. Muleke Lugendo |
| 260 ## - PUBLICATION, DISTRIBUTION, ETC. (IMPRINT) | |
| Place of publication, distribution, etc | High Court Kampala |
| 500 ## - GENERAL NOTE | |
| Materials specified | Before Hon.Mr. Justice S.T. Manyindo |
| Withdrawn status | Lost status | Source of classification or shelving scheme | Damaged status | Koha normalized classification for sorting | Not for loan | Location (home branch) | Sublocation or collection (holding branch) | Shelving location | Date acquired | Koha issues (times borrowed) | Koha full call number | Piece designation (barcode) | Koha date last seen | Price effective from | Koha item type | Public note |
|---|---|---|---|---|---|---|---|---|---|---|---|---|---|---|---|---|
| Dewey Decimal Classification | HCCRSARF_032 | Archives | Archives | Archives | 07/20/2015 | HCCRSARF:032 | 3025/2015 | 07/20/2015 | 07/20/2015 | Un Reported Cases | Judgment entered on 13/10/75 |
